00490nam a22001577a 4500008004100000020001800041041000800059080001000067082001000077100000700087101000800094245008800102942001200190999001700202952011300219210322b ||||| |||| 00| 0 eng d a9780205371358 aeng a159.9 a159.9 a48 aPSI aGrade aid for Fundamentals Psychology the Brain, the Person, the WorldcHardy, M. S 2udccBK c56650d56650 00102udc40708PËKGa002b002cPËKGd2021-03-22l0o159.9 HARp002-7001440r2021-03-22w2021-03-22yBK